Cities With 3D Coverage on Google Earth - Sudden Death - Statistics

General Stats
  • This quiz has been taken 18 times
  • The average score is 4 of 15
Answers on the Grid
Answers color-coded by a green-red scale on the quiz's grid according to % correct below.
Zurich
Tokyo
Seoul
Perth
Cairo
Washington
Budapest
Istanbul
Edinburgh
Manila
Casablanca
Mexico City
Bangkok
Bogotá
Sao Paulo
Jakarta
São Paulo
Kuala Lumpur
Moscow
Buenos Aires
Lima
Johannesburg
Nairobi
Tunis
Geneva
Oslo
Abidjan
Warsaw
Beirut
Ulaanbaatar
 
Answer Stats
Answer % Correct
Washington
70%
Tokyo
50%
Perth
40%
Geneva
30%
Mexico City
30%
Oslo
30%
Warsaw
30%
Zurich
30%
Budapest
20%
Buenos Aires
20%
Edinburgh
20%
Johannesburg
20%
São Paulo
20%
Sao Paulo
10%
Tunis
10%
No matching quizzes found
Score Distribution
Percent of People with Each Score
Percentile by Number Answered
Your Score History
You have not taken this quiz